000 01322nam0a22002651 4500
001 v19\rc\1778744
005 20250619072909.0
035 _a(NLR Aleph) 004873622
090 _a5114623
_c5114623
100 _a20061204d1904 |||y0rusy50 ca
101 0 _arus
102 _aRU
105 _ay z |||||
200 1 _aУстав частной лечебницы учрежденной кн. Романом Владиславовичем Сангушко под названием "Лечебницы св. Романа" в м. Славуте Вольн. губ. Заславского уезда
_e[Утв. 24 авг. 1904 г.]
210 _aСлавута
_d1904
215 _a9 с.
532 1 2 _aУстав частной лечебницы учрежденной князем Романом Владиславовичем Сангушко под названием "Лечебницы св. Романа" в м. Славуте Вольн. губ. Заславского уезда
702 1 _aСанчушко
_bР.В.
_gРоман Владиславович
_4570
710 0 2 _aЛечебница св. Романа
_cМ. Славут, Заслав. уезд
801 0 _aRU
_bNLR
_gpsbo
801 0 _aRU
_bRuMoRGB
_2psbo
801 1 _aRU
_bProSoft-M
_2rusmarc
852 _aNLR
_j34.52.4.957
942 _cBOOK
980 _aNB